| 000 | 00439nam a2200157Ia 4500 | ||
|---|---|---|---|
| 999 |
_c12113 _d12113 |
||
| 003 | OSt | ||
| 005 | 20201119125759.0 | ||
| 008 | 190216s9999||||xx |||||||||||||| ||und|| | ||
| 040 | _coclc | ||
| 082 |
_a823.5 _bFIE/H |
||
| 100 |
_aFielding, Henry _96782 |
||
| 245 | 0 |
_aThe History Of Tom Jones / _cHenry Fielding |
|
| 260 |
_bHeron Books, _aLondon: |
||
| 300 | _a427p | ||
| 942 |
_cBK _2ddc _h823.5 _iFIE/H _k823.5 _mFIE/H |
||